[Event "Ch Russia (club) (active)"]
[Site "masterchessopen.com Sochi (Russia)"]
[Round "3"]
[White "Kobalia Mikhail (RUS)"]
[Black "Kiriakov Petr (RUS)"]
[Result "1-0"]
[WhiteElo "2621"]
[BlackElo "2555"]

{ Kobalia Mikhail (RUS) +1 =4 -1 Kobalia Mikhail (RUS)-Kiriakov Petr (RUS) +1
=1 -0 } 1.e4 { 1 } 1...e6 2.d4 d5 3.Nd2 a6 4.Ngf3 c5 5.exd5 exd5 6.Be2 c4
7.O-O Bd6 { ?/= } 8.Re1 Ne7 9.b3 cxb3 10.axb3 O-O 11.Nf1 Nbc6 12.Ng3 { } (
12.Ne3 Bb4 ( 12...Re8 13.c4 Bf5 { } ) 13.Bd2 Nf5 ( 13...Bxd2 14.Qxd2 Qd6 15.c4
Be6 16.c5 Qf4 17.b4 Nf5 18.Red1 Nxe3 19.fxe3 Qh6 20.Ra3 Bg4 21.Rda1 Rae8 22.b5
axb5 23.Bxb5 Bxf3 24.gxf3 Re6 25.Bf1 Rfe8 26.Bg2 Ne7 27.f4 Nf5 28.e4 dxe4
29.d5 e3 30.Qd3 Ra6 31.Rxa6 bxa6 { ...1-0, Hennigan Michael 2345 - Gurevich
Mikhail 2645 , Philadelphia 1989 It (open) } ) 14.Bd3 Nxe3 15.Rxe3 Bg4 16.c3
Bd6 17.Qc2 Bf4 18.Ree1 Bxd2 19.Nxd2 Rc8 20.Qb1 Kh8 21.Nf1 Qf6 22.Ne3 Be6
23.Be2 Ne7 24.Qd3 Ng6 25.g3 Rfd8 26.Ng4 Qe7 27.f4 Qd7 28.Ne3 Ne7 29.Bf3 g6
30.Re2 Ng8 31.g4 Nh6 { ...1/2-1/2, Kobalia Mikhail 2505 - Blees Albert 2430 ,
Wijk aan Zee 1998 It (cat.11) } ) 12...Bb4 { N } ( 12...h6 13.c3 Be6 14.Bd3
Qc7 15.Bc2 Bxg3 16.hxg3 Bf5 17.Bxf5 Nxf5 18.Qd3 Qd7 19.Ne5 Nxe5 20.Rxe5 Ne7
21.Ba3 Rfe8 22.Bxe7 Rxe7 23.Ra5 Rxe5 24.dxe5 Rd8 25.Qd4 h5 26.b4 g6 27.Kh2 Qe6
28.c4 Re8 29.Rxd5 Qf5 30.Rd7 b5 31.cxb5 axb5 32.Rd5 { ...1-0, Kobalia Mikhail
2643 - Kiriakov Petr 2560 , Internet 17. 4.2004 It (blitz) ACP (final) } ) (
12...Nf5 13.c3 Nxg3 14.hxg3 Bf5 15.Bd3 Qd7 16.Bf4 Bxd3 17.Qxd3 Rfe8 18.Ng5 g6
19.Bxd6 Qxd6 20.Qf3 Qd7 21.Nh3 Rad8 22.Nf4 Rxe1+ 23.Rxe1 h5 24.Nd3 Kg7 25.Re3
b6 26.Qf4 Qd6 27.Ne5 Nxe5 28.dxe5 Qe6 29.Qd4 Re8 { 1/2-1/2, Shanava
Konstantine 2417 - Gurevich Mikhail 2656 , Pardubice 2003 It (open) } ) (
12...f5 13.Bb2 f4 14.Nf1 Ng6 15.c4 Kh8 16.cxd5 Nb4 17.Ne5 Bf5 18.Rc1 Nxd5
19.Bf3 Bb4 20.Nxg6+ Bxg6 21.Re5 Bf7 22.Nd2 a5 23.Ne4 Ra6 24.Nc5 Rb6 25.Qe2 Nf6
26.Nxb7 Qb8 27.Nxa5 Bxa5 28.Rxa5 Re8 29.Re5 Rxb3 30.Bc3 Rd8 31.h3 h6 32.Qd2 {
...1-0, Cela Altin 2415 - Skalkotas Nikolaos 2310 , Athens 1996 Cup Athens
(1/4 final) } ) 13.Bd2 Bxd2 14.Qxd2 Qd6 { N } ( 14...Bg4 15.Ne5 Bxe2 16.Rxe2
Nxe5 17.dxe5 Rc8 18.Rae1 Rc6 19.e6 fxe6 20.Rxe6 Rxe6 21.Rxe6 Nc6 22.h3 d4
23.Re4 Qd5 24.Qd3 Qf7 25.f3 Rd8 26.Nf5 Qf6 27.Qc4+ Kh8 28.Qe2 h6 29.g4 d3
30.cxd3 Qc3 31.Re8+ Rxe8 32.Qxe8+ Kh7 33.Qf7 Qe1+ 34.Kg2 { ...1/2-1/2,
Tseshkovsky Vitaly 2520 - Gurevich Mikhail 2645 , Palma de Majorca 1989 Cup
World (open) } ) 15.c4 Bg4 16.c5 Qf6 17.Ne5 Nxe5 18.dxe5 Qe6 19.Bd3 Qd7 20.b4
Rad8 21.h3 Be6 22.Rad1 Nf5 23.Bxf5 { ?! } ( 23.Nh5 { !? } 23...Qe7 24.Bxf5
Bxf5 25.Qf4 { } ) 23...Bxf5 24.Ne2 Rfe8 25.Nd4 Be4 26.f3 Bg6 27.Re3 Qa4
28.Rde1 Rc8 29.e6 fxe6 30.Nxe6 Bf7 { ?! } ( 30...a5 { !? } 31.Qxd5 Bf7 32.Qxb7
Qxb4 { } ) 31.Qd4 Bxe6 32.Rxe6 Rxe6 33.Rxe6 Kh8 { ?! } ( 33...Qd7 { !? }
34.Rd6 Qf7 35.Rxd5 Re8 { } ) 34.Re7 Rg8 35.Rxb7 a5 36.Qxd5 axb4 37.c6 Qa1+
38.Kh2 Qc3 39.c7 Qc1 40.Qe5 b3 41.Rb8 Qc6 42.Qe7 b2 43.Rxb2 { } {#r} 1-0

[Event "Ch Russia (juniors) (under 14)"]
[Site "masterchessopen.com Ufa (Russia)"]
[Round "8"]
[White "Potkin Vladimir (RUS)"]
[Black "Balashov Vladimir (RUS)"]
[Result "1-0"]
[WhiteElo "2671"]
[BlackElo "2355"]

1.e4 e6 2.d4 d5 3.Nd2 a6 4.Ngf3 c5 5.exd5 exd5 6.dxc5 Bxc5 7.Nb3 Ba7 8.Be2 Ne7
9.O-O O-O 10.Bg5 f6 11.Bf4 Nbc6 12.Nfd4 Nxd4 13.Nxd4 Nf5 14.Nxf5 Bxf5 15.c3
Qd7 16.Bf3 Rad8 17.Qb3 Qf7 18.Rfe1 Rd7 19.Rad1 Be6 20.Rxe6 Qxe6 21.Bxd5 Rxd5
22.Qxd5 Re8 23.Qxe6+ Rxe6 24.Kf1 Kf7 25.Rd7+ Re7 26.Rxe7+ Kxe7 27.Ke2 Ke6
28.f3 h6 29.Kd3 g5 30.Be3 Bb8 31.h3 h5 32.Kc4 Bd6 33.b4 b5+ 34.Kd4 Bb8 35.c4
Ba7+ 36.c5 Bb8 37.c6 Bc7 38.Kc5 Ke5 39.Bd4+ Ke6 40.g4 hxg4 41.hxg4 Bd8 42.Bf2
f5 43.gxf5+ Kxf5 44.Be3 g4 45.fxg4+ Kxg4 46.Kd5 Kf5 47.Bc5 a5 48.a3 {#r} 1-0

[Event "Ch Russia (juniors) (under 16)"]
[Site "masterchessopen.com Kaluga (Russia)"]
[Round "9"]
[White "Petrov Anton (RUS)"]
[Black "Nazin Roman (RUS)"]
[Result "1-0"]
[WhiteElo "2265"]
[BlackElo "2250"]

1.e4 e6 2.d4 d5 3.Nd2 c5 4.exd5 exd5 5.Ngf3 a6 6.dxc5 Bxc5 7.Bd3 Nc6 8.O-O Nf6
9.Nb3 Bb6 10.Re1+ Be6 11.Be3 O-O 12.Bxb6 Qxb6 13.Qd2 Rfe8 14.c3 Rad8 15.Nfd4
Bc8 16.Nxc6 bxc6 17.Rxe8+ Rxe8 18.Re1 Rxe1+ 19.Qxe1 Be6 20.Qe3 Qb7 21.Qe2 Bc8
22.Nc5 Qa7 23.Bxa6 Bxa6 24.Nxa6 Ne4 25.Nb4 c5 26.Qa6 Qb8 27.Nxd5 {#r} 1-0

[Event "Ch Russia (juniors) (under 16) (1 league)"]
[Site "masterchessopen.com Dagomys (Russia)"]
[Round "6"]
[White "Kupin Vladimir (RUS)"]
[Black "Stepanov Nikita (RUS)"]
[Result "1-0"]
[WhiteElo "1980"]
[BlackElo "1896"]

1.e4 e6 2.d4 d5 3.Nd2 c5 4.Ngf3 a6 5.exd5 exd5 6.dxc5 Bxc5 7.Nb3 Bb6 8.Bd3 Nf6
9.Qe2+ Be6 10.Nbd4 Qe7 11.O-O O-O 12.Re1 Nc6 13.Nxe6 fxe6 14.Qxe6+ Qxe6
15.Rxe6 Ng4 16.Be3 Nxe3 17.fxe3 Rae8 18.Rxe8 Rxe8 19.Kf1 Rxe3 20.Rd1 Nb4
21.Bf5 g6 22.a3 Nc6 23.Bc8 Ne5 24.Bxb7 d4 25.Nxd4 Ng4 26.h3 Rxh3 27.gxh3 Ne3+
28.Ke2 Nxd1 29.Kxd1 Bxd4 30.c3 Bf6 31.Bxa6 Kf8 32.Kd2 Ke7 33.b4 Kd6 34.Bd3 Ke7
35.a4 {#r} 1-0

[Event "Ch Scotland"]
[Site "masterchessopen.com Troon (Scotland)"]
[Round "7"]
[White "Lawson David (SCO)"]
[Black "Buchanan Walter F (SCO)"]
[Result "0-1"]
[WhiteElo "2252"]
[BlackElo "2127"]

1.e4 e6 2.d4 d5 3.Nd2 a6 4.Ngf3 c5 5.exd5 exd5 6.Be2 c4 7.a4 Nc6 8.O-O Bd6
9.Re1 Nge7 10.b3 cxb3 11.Nxb3 O-O 12.Ba3 Bxa3 13.Rxa3 Na5 14.Bd3 Nxb3 15.Rxb3
Nc6 16.Ne5 Na5 17.Qh5 h6 18.Rc3 Qd6 19.Rb1 Be6 20.Bf5 Rac8 21.Rg3 Bxf5 22.Qxf5
Qe6 23.Qxe6 fxe6 24.c3 Rc7 25.Rb6 Rfc8 26.Rxe6 Rxc3 27.Rxc3 Rxc3 28.Re8+ Kh7
29.h4 Nc6 30.Rc8 Nxd4 31.Rd8 Nc6 32.Rxd5 Nxe5 33.Rxe5 Rc1+ 34.Kh2 Rc4 35.Re7
Rxh4+ 36.Kg3 Rb4 37.a5 Kg6 38.Kf3 Kf6 39.Rd7 h5 40.g3 g5 41.Rd6+ Ke7 42.Rh6
g4+ 43.Ke3 Rb5 44.f3 gxf3 45.Kxf3 Kd7 46.Rh7+ Kc8 {#R} 0-1

[Event "Ch Scotland"]
[Site "masterchessopen.com Troon (Scotland)"]
[Round "8"]
[White "Thomson Craig S M (SCO)"]
[Black "Giulian Philip M (SCO)"]
[Result "1-0"]
[WhiteElo "2293"]
[BlackElo "2294"]

1.e4 e6 2.d4 d5 3.Nd2 a6 4.Ngf3 c5 5.exd5 exd5 6.dxc5 Bxc5 7.Nb3 Ba7 8.Qe2+
Be6 9.Be3 Nc6 10.Bxa7 Rxa7 11.Nfd4 Nxd4 12.Nxd4 Qf6 13.O-O-O Ne7 14.Qe3 Ra8
15.Re1 Nf5 16.Nxf5 Qxf5 17.Bd3 Qf6 18.g4 O-O 19.g5 Qd8 20.f4 Qd7 21.h4 Bg4
22.Qd4 Rfe8 23.Rxe8+ Rxe8 24.h5 Qe6 25.h6 gxh6 26.gxh6 f6 27.Rg1 Kh8 28.b3 b5
29.f5 Bxf5 30.Rf1 Bxd3 31.Rxf6 Qe1+ 32.Kb2 Kg8 33.Rf8+ {#r} 1-0

[Event "Ch Scotland"]
[Site "masterchessopen.com Scotland"]
[Round "0"]
[White "Mannion Stephen R (SCO)"]
[Black "Buchanan Walter F (SCO)"]
[Result "1-0"]
[WhiteElo "2372"]
[BlackElo "2127"]

1.e4 e6 2.d4 d5 3.Nd2 a6 4.Ngf3 c5 5.exd5 exd5 6.Be2 c4 7.O-O Bd6 8.b3 b5 9.a4
c3 10.axb5 cxd2 11.Bxd2 Ne7 12.c4 Ng6 13.c5 Bf4 14.bxa6 O-O 15.b4 Nxa6 16.g3
Bxd2 17.Qxd2 Bg4 18.b5 Nc7 19.b6 Ne6 20.Rab1 Ne7 21.b7 Rb8 22.Rb6 Qc7 23.Rfb1
Nc6 24.Rxc6 Qxc6 25.Ne5 Qc7 26.Bxg4 Rxb7 27.Re1 Nxc5 28.dxc5 Re8 29.Qxd5 Rb2
30.Kg2 h5 31.Bxh5 Re7 32.Re3 g6 33.Bxg6 Rxe5 34.Rxe5 Kg7 35.Bh5 f6 36.Re6 Qa7
37.Rd6 {#r} 1-0

[Event "Ch Serbia & Montenegro (team) (2 league)"]
[Site "masterchessopen.com Belgrade (Yugoslavia)"]
[Round "2"]
[White "Andrijevic Milan (SRB)"]
[Black "Stevanovic Vladan S (SRB)"]
[Result "1-0"]
[WhiteElo "2402"]
[BlackElo "2269"]

1.e4 e6 2.d4 d5 3.Nd2 c5 4.exd5 exd5 5.Ngf3 a6 6.dxc5 Bxc5 7.Bd3 Qe7+ 8.Qe2
Qxe2+ 9.Kxe2 Nf6 10.Re1 O-O 11.h3 Re8+ 12.Kf1 Rxe1+ 13.Kxe1 Nc6 14.c3 Bd7
15.Nb3 Ba7 16.Nbd4 Nxd4 17.Nxd4 Ne4 18.Be3 Nc5 19.Bc2 Ne6 20.Rd1 Nxd4 21.Bxd4
Re8+ 22.Kf1 Bb5+ 23.Bd3 Ba4 24.Rc1 Bb8 25.Re1 f6 26.Rxe8+ Bxe8 27.Ke2 Kf7
28.Bf5 Bc7 29.Ke3 h6 30.f4 a5 31.Bc8 Bc6 32.b3 b6 33.f5 Bh2 34.a4 Bg1+ 35.Kd3
Bxd4 36.Kxd4 Ke7 37.Ba6 Kd6 38.Bb5 Bb7 39.Be2 Bc8 40.g4 Bd7 41.Bf3 Bc6 42.Bg2
Bb7 43.b4 Bc6 44.b5 Ba8 45.c4 Bb7 46.Bxd5 Bxd5 47.cxd5 Kd7 48.d6 Kxd6 49.h4 h5
50.gxh5 Ke7 51.Kd5 Kd7 52.h6 gxh6 53.h5 {#r} 1-0

[Event "Ch Slovakia"]
[Site "masterchessopen.com Martin (Slovakia)"]
[Round "6"]
[White "Mikhalenko Andrey (RUS)"]
[Black "Huba Martin Jr (SVK)"]
[Result "1-0"]
[WhiteElo "2145"]
[BlackElo "2190"]

1.e4 e6 2.d4 d5 3.Nd2 a6 4.Ngf3 c5 5.exd5 exd5 6.Be2 Nf6 7.O-O c4 8.Re1 Be7
9.Nf1 O-O 10.Ng3 Nc6 11.Bf4 Bg4 12.c3 Re8 13.h3 Be6 14.Qc2 h6 15.Ne5 Qc8
16.Bf3 b5 17.Re2 b4 18.Rae1 Nxe5 19.dxe5 Nh7 20.Rd2 Rd8 21.Red1 g5 22.Be3 Qc6
23.Nf5 Bf8 24.Nd4 Qe8 25.h4 Rab8 26.Nf5 bxc3 27.bxc3 Qd7 28.Be4 gxh4 29.Nxh6+
Bxh6 30.Bxh6 Nf8 31.Bg5 Re8 32.Bxd5 Bxd5 33.Rxd5 Qg4 34.Bf6 h3 35.f3 Qg3
36.R5d4 hxg2 37.Qxg2 Qxg2+ 38.Kxg2 Ng6 39.Rh1 Rb2+ 40.Kg3 Rb6 41.Rxc4 Rxf6
42.exf6 Re6 43.Rc8+ Nf8 44.Rxf8+ {#r} 1-0

[Event "Ch Slovakia (open)"]
[Site "masterchessopen.com Trencin (Slovakia)"]
[Round "11"]
[White "Ciganikova Andrea (SVK)"]
[Black "Dusa Dusan (SVK)"]
[Result "0-1"]
[WhiteElo "2184"]
[BlackElo "2146"]

1.e4 e6 2.d4 d5 3.Nd2 a6 4.Ngf3 c5 5.exd5 exd5 6.dxc5 Bxc5 7.Bd3 Nf6 8.O-O O-O
9.h3 Nc6 10.Nb3 Ba7 11.Bg5 Qd6 12.Bh4 Re8 13.Bg3 Qxg3 {#R} 0-1

[Event "Ch Slovakia (open)"]
[Site "masterchessopen.com Trencin (Slovakia)"]
[Round "6"]
[White "Jurcisin Imrich (SVK)"]
[Black "Dusa Dusan (SVK)"]
[Result "1-0"]
[WhiteElo "2041"]
[BlackElo "2146"]

1.e4 e6 2.d4 d5 3.Nd2 a6 4.Ngf3 c5 5.exd5 exd5 6.dxc5 Bxc5 7.Nb3 Ba7 8.Bg5 Nf6
9.Qe2+ Be6 10.O-O-O Nc6 11.Nfd4 Qe7 12.Nxc6 bxc6 13.Nd4 Bxd4 14.Rxd4 O-O
15.Rf4 Qd6 16.Rh4 Ne4 17.Bf4 Qd7 18.Qh5 Bf5 19.Bd3 Bg6 20.Qf3 c5 21.Bxe4 Bxe4
22.Qg3 d4 23.Bd6 Rfd8 24.Rxe4 Qxd6 25.Re8+ {#r} 1-0

[Event "Ch Slovakia (team) 2000/01 (1 liga) West"]
[Site "masterchessopen.com Slovakia"]
[Round "5"]
[White "Srvatka Igor (SVK)"]
[Black "Huba Martin Sr (SVK)"]
[Result "1-0"]
[WhiteElo "2108"]
[BlackElo "2180"]

1.e4 e6 2.d4 d5 3.Nd2 a6 4.Ngf3 c5 5.exd5 exd5 6.dxc5 Bxc5 7.Bd3 Bg4 8.O-O Nf6
9.Re1+ Be7 10.Nf1 O-O 11.Ng3 Nc6 12.h3 Bd7 13.c3 Re8 14.Bg5 h6 15.Be3 Rc8
16.Qd2 Bf8 17.Bf4 Qa5 18.Ne5 Be6 19.Bf5 Nxe5 20.Bxe5 Ne4 21.Bxe4 dxe4 22.Rxe4
f5 23.Ree1 Bxa2 24.b4 Qd5 25.Qxa2 Qxa2 26.Rxa2 f4 27.Nh5 Bd6 28.Rae2 Bxe5
29.Rxe5 Rxe5 30.Rxe5 Rxc3 31.Re7 b5 32.Rxg7+ Kf8 33.Rg4 f3 34.Rf4+ Ke7 35.Rxf3
Rc4 36.Rf4 Rc1+ 37.Kh2 Ke6 38.Rf6+ Kd5 39.Rxa6 Rc4 40.Rxh6 Rxb4 41.Nf6+ {#r}
1-0

[Event "Ch Slovakia (team) 2004/05 (1 liga) West"]
[Site "masterchessopen.com Slovakia"]
[Round "1"]
[White "Oprea Erik (SVK)"]
[Black "Huba Martin Sr (SVK)"]
[Result "0-1"]
[WhiteElo "2115"]
[BlackElo "2144"]

1.e4 e6 2.d4 d5 3.Nd2 a6 4.Ngf3 c5 5.exd5 exd5 6.dxc5 Bxc5 7.Nb3 Bb6 8.Bg5 Ne7
9.Qd2 Nbc6 10.h3 Bf5 11.Bd3 Bxd3 12.Qxd3 O-O 13.O-O Qd6 14.c3 f6 15.Be3 Ne5
16.Qe2 Bc7 17.g3 Rae8 18.Bc5 Qd7 19.Kg2 Rf7 20.Rfe1 N7g6 21.Rad1 Rd8 22.Nfd4
f5 23.f4 Nc6 24.Qe6 Nf8 25.Qxd7 Rdxd7 26.Bxf8 Rxf8 27.Ne6 Re8 28.Nbc5 Rde7
29.Rxd5 Bb6 30.Nd7 Ba7 31.Rd6 Nd8 32.Ndf8 Bb8 33.Rd7 Rxd7 34.Nxd7 Bd6 35.Nec5
Bxc5 36.Re5 Nc6 37.Kf3 g6 38.g4 fxg4+ 39.hxg4 Bd6 40.Re1 Bxf4 {#R} 0-1

[Event "Ch Slovenia (team)"]
[Site "masterchessopen.com Kranj (Slovenia)"]
[Round "0"]
[White "Golubovic Boris (CRO)"]
[Black "Furlan Miha (SLO)"]
[Result "1-0"]
[WhiteElo "2457"]
[BlackElo "2365"]

1.e4 e6 2.d4 d5 3.Nd2 a6 4.Ngf3 c5 5.exd5 exd5 6.Qe2+ Qe7 7.dxc5 Qxe2+ 8.Bxe2
Bxc5 9.Nb3 Ba7 10.Bd2 Ne7 11.Bc3 Nbc6 12.Bxg7 Rg8 13.Bd4 Nxd4 14.Nfxd4 Rxg2
15.Bf3 Rg6 16.O-O-O Bg4 17.Rd3 O-O-O 18.Re1 Rd7 19.c3 Bb8 20.Nc5 Bf4+ 21.Kc2
Rc7 22.Bxg4+ Rxg4 23.h3 Rg8 24.Rf3 Bd6 25.Nd3 Nc6 26.Nxc6 bxc6 27.Rf6 Rg6
28.Re8+ Kb7 29.Rf5 Rh6 30.Re3 Rg6 31.Ref3 Rg7 32.Rf6 Rd7 33.R3f5 Kc7 34.Rh6
Rd8 35.Rfh5 Rh8 36.b4 Kd7 37.Kb3 Kc7 38.Rf5 Rf8 39.a4 Kd7 40.a5 Kc7 41.h4 Kd7
42.Rg5 Rfg8 43.Rxh7 Rxh7 44.Rxg8 Kc7 45.Rg4 Be7 46.Nc5 Rxh4 47.Nxa6+ Kc8
48.Rd4 Bf6 49.Rd3 Rf4 50.b5 cxb5 51.Rxd5 Rf3 52.Rc5+ Kb7 53.Nb4 Bd4 54.a6+ Kb6
55.Rc6+ Ka7 56.Rc7+ Kb8 57.Nd5 {#r} 1-0

[Event "Ch South America (juniors) (under 20)"]
[Site "masterchessopen.com San Luis (Argentina)"]
[Date "2006.02.22"]
[Round "2"]
[White "Plazaola Maria De Los Angeles (ARG)"]
[Black "Vargas Gabriela (PAR)"]
[Result "1-0"]
[WhiteElo "2078"]
[BlackElo "2080"]

1.e4 e6 2.d4 d5 3.Nd2 c5 4.exd5 exd5 5.Ngf3 a6 6.dxc5 Bxc5 7.Bd3 Nf6 8.Nb3 Bd6
9.O-O O-O 10.Bg5 Nc6 11.Nbd4 Ne5 12.Bf5 h6 13.Bf4 Nc4 14.Bc1 Re8 15.b3 Ne5
16.Bb2 Qc7 17.h3 Bd7 18.Nh4 g6 19.Bxd7 Nexd7 20.Nhf3 Bf8 21.Rc1 Bg7 22.Ne2
Rad8 23.Bd4 Qd6 24.Nc3 Nc5 25.b4 Nce4 26.a3 Nxc3 27.Bxc3 Ne4 28.Bxg7 Kxg7
29.Qd4+ Nf6 30.Rfd1 Re4 31.Qb2 Qe7 32.Rd3 Kh7 33.Rcd1 Rd7 34.R1d2 Re6 35.Rd4
Re4 36.Qc3 Rc7 37.Qd3 Rxd4 38.Qxd4 Rc4 39.Qd3 Qe4 40.Qb3 Qe6 41.Qb2 Re4 42.Qb3
Rc4 43.Qb2 Re4 44.Qc3 Rc4 45.Qe5 Qxe5 46.Nxe5 Rc7 47.Kf1 Kg7 48.f3 Re7 49.Nd3
g5 50.Nc5 b6 51.Nxa6 {#r} 1-0

[Event "Ch Spain (open)"]
[Site "masterchessopen.com Cala Mendia (Spain)"]
[Round "2"]
[White "Munar Rossello Pedro (ESP)"]
[Black "Gallardo Garcia Andres (ESP)"]
[Result "0-1"]
[WhiteElo "2077"]
[BlackElo "2306"]

1.e4 e6 2.d4 d5 3.Nd2 a6 4.Ngf3 c5 5.exd5 exd5 6.dxc5 Bxc5 7.Nb3 Be7 8.Be2 Nf6
9.O-O Nc6 10.Nbd4 O-O 11.b3 Ne4 12.Bb2 Bf6 13.c4 Nxd4 14.Nxd4 dxc4 15.Bxc4 b5
16.Be2 Bb7 17.Bf3 Qb6 18.Qd3 Nc5 19.Qd2 Bxf3 20.Nxf3 Rfd8 21.Qc2 Bxb2 22.Qxb2
Nd3 23.Qe2 Qg6 24.Ne1 Nf4 25.Qf3 Qf6 26.Rd1 Re8 27.Kh1 Rad8 28.Nc2 Qe5 29.Ne3
Nd3 30.g3 g6 31.Ng4 Qe2 32.Nf6+ Kf8 33.Nxh7+ Kg7 34.Ng5 Qxf3+ 35.Nxf3 Nxf2+
36.Rxf2 Rxd1+ 37.Kg2 Red8 38.h4 f5 39.Rc2 Kf6 40.Rc6+ R8d6 41.Rc2 Ke6 42.Re2+
Kf6 43.Rc2 Ra1 44.Ng5 a5 45.Kf3 Rd3+ 46.Kf2 a4 47.bxa4 bxa4 48.Nf3 Ra3 49.Rc6+
Ke7 50.Ne5 R3xa2+ 51.Kf3 Rf1+ {#R} 0-1

[Event "Ch Sweden (team) 1998/99"]
[Site "masterchessopen.com Sweden"]
[Round "5"]
[White "Hermansson Emil (SWE)"]
[Black "Couso Luis (SWE)"]
[Result "0-1"]
[WhiteElo "2340"]
[BlackElo "2255"]

1.e4 e6 2.d4 d5 3.Nd2 c5 4.exd5 exd5 5.Ngf3 a6 6.Be2 Bd6 7.dxc5 Bxc5 8.O-O Ne7
9.Nb3 Bd6 10.Bg5 Nbc6 11.c3 Qc7 12.Bh4 O-O 13.Bg3 Bxg3 14.hxg3 Bf5 15.Re1 Rad8
16.Bd3 Be4 17.Nfd4 Bxd3 18.Qxd3 Ne5 19.Qc2 N7g6 20.Re2 Nc4 21.Rae1 b5 22.Nc1
Qb6 23.Qb3 h5 24.Nd3 h4 25.gxh4 Nxh4 26.g3 Qg6 27.Ne5 Qg5 28.Kh2 Rd6 29.f4 Qh5
30.Rh1 Rh6 31.Qd1 Nf5+ 32.Kg2 Nfe3+ {#R} 0-1

[Event "Ch Turkey"]
[Site "masterchessopen.com Ankara (Turkey)"]
[Date "2008.04.02"]
[Round "11"]
[White "Yilmaz Mustafa (TUR)"]
[Black "Atalik Suat (BIH)"]
[Result "0-1"]
[WhiteElo "2387"]
[BlackElo "2607"]

1.e4 e6 2.d4 d5 3.Nd2 c5 4.exd5 exd5 5.Ngf3 a6 6.dxc5 Bxc5 7.Be2 Nf6 8.O-O O-O
9.Nb3 Ba7 10.Bg5 h6 11.Bh4 Nc6 12.c3 g5 13.Bg3 Ne4 14.Nfd2 Nxg3 15.hxg3 Re8
16.Rc1 Bf5 17.Nf3 Qf6 18.Nfd4 Be4 19.Bf3 Rad8 20.Re1 Qg6 21.Kh2 Ne5 22.Bxe4
dxe4 23.Rc2 f5 24.Rh1 Ng4+ 25.Kg1 e3 26.f3 Nf2 27.Rxf2 exf2+ 28.Kxf2 Re5
29.Qd3 Rde8 30.Rd1 Qe6 31.Kg1 Re3 32.Qb1 Qf7 33.Kh2 Qh5+ 34.Kg1 g4 35.Nd2 Re2
36.Qd3 b5 37.a4 R8e3 38.Qb1 gxf3 39.N2xf3 Rxf3 40.Qa2+ Kh7 {#R} 0-1

[Event "Ch URS (1 liga)"]
[Site "masterchessopen.com Baku (Azerbaijan)"]
[Round "3"]
[White "Timoscenko Gennadij (SVK)"]
[Black "Vaganian Rafael A (ARM)"]
[Result "1-0"]
[WhiteElo "2505"]
[BlackElo "2545"]

1.e4 e6 2.d4 d5 3.Nd2 c5 4.exd5 exd5 5.Ngf3 a6 6.dxc5 Bxc5 7.Nb3 Bd6 8.Bd3 Ne7
9.O-O h6 10.h3 Nbc6 11.Nbd4 O-O 12.c3 Bc7 13.Be3 Qd6 14.Re1 Nxd4 15.Bxd4 Nc6
16.Bc2 Bd7 17.Qd3 g6 18.Qd2 Nxd4 19.Qxd4 Bb6 20.Qd2 Bxh3 21.Qxh6 Qg3 22.Qxh3
Qxf2+ 23.Kh1 Kg7 24.Rf1 Qxc2 25.Ng5 Bf2 26.Qh7+ Kf6 27.Qh4 Rh8 28.Rxf2+ {#r}
1-0

[Event "Ch URS (corr.)"]
[Site "masterchessopen.com corr."]
[Round "0"]
[White "Godes Dmitry R (RUS)"]
[Black "Glek Igor V (GER)"]
[Result "1-0"]
[WhiteElo "2244"]
[BlackElo "2500"]

1.e4 e6 2.d4 d5 3.Nd2 a6 4.Ngf3 c5 5.exd5 exd5 6.Be2 Nc6 7.O-O cxd4 8.Nb3 Bd6
9.Nbxd4 Nge7 10.Bg5 O-O 11.Nxc6 bxc6 12.c4 f6 13.Bd2 Be6 14.Qc2 Bf5 15.Bd3
Bxd3 16.Qxd3 Ng6 17.cxd5 Ne5 18.Nxe5 Bxe5 19.Bb4 Rf7 20.d6 Rb8 21.a3 a5 22.Bc5
Bxb2 23.Rad1 Qd7 24.a4 f5 25.Rb1 Rff8 26.Qd2 Bf6 27.Qxa5 Rxb1 28.Rxb1 f4
29.Qb4 Bg5 30.a5 {#r} 1-0

[Event "Ch URS (juniors) (under 20)"]
[Site "masterchessopen.com Tallinn (Estonia)"]
[Round "0"]
[White "Kuporosov Viktor (RUS)"]
[Black "Glek Igor V (GER)"]
[Result "0-1"]
[WhiteElo "2413"]
[BlackElo "2460"]

1.e4 e6 2.d4 d5 3.Nd2 a6 4.Ngf3 c5 5.exd5 exd5 6.dxc5 Bxc5 7.Nb3 Be7 8.Be2 Nf6
9.O-O Nc6 10.c3 O-O 11.Bf4 Bf5 12.Nfd4 Be4 13.Qd2 Re8 14.Rad1 Bf8 15.Rfe1 h6
16.Nc2 Qb6 17.Be3 Qc7 18.Bf4 Qd7 19.Ne3 Rad8 20.a3 Qc8 21.Qc1 Ne5 22.Bxe5 Rxe5
23.c4 Re7 24.cxd5 Rc7 25.Qa1 Nxd5 26.Nxd5 Rxd5 27.Rxd5 Bxd5 28.Qd1 Rd7 29.Qc1
Qd8 30.Na1 Qb6 31.Nc2 Rc7 32.Bd3 Qf6 33.Qb1 g6 34.Ne3 Bc6 35.Bc4 Rd7 36.Qc2 h5
37.h3 Kg7 38.Re2 Bc5 39.Rd2 Bd4 40.Qd1 Bxe3 41.fxe3 Qxb2 42.Rxb2 Rxd1+ 43.Kf2
Rc1 44.Be2 b5 45.Bf3 Be8 46.Rd2 a5 47.Rd8 Kf8 48.Ra8 a4 49.Bd5 Rc3 50.g4 hxg4
51.hxg4 Ke7 52.Ra7+ Kd6 53.Bxf7 Bxf7 54.Rxf7 Rxa3 55.Rf6+ Kc5 56.e4 b4 {#R}
0-1

[Event "Ch URS (qual)"]
[Site "masterchessopen.com Barnaul (Russia)"]
[Round "0"]
[White "Rozentalis Eduardas (LTU)"]
[Black "Shaboian Vladimir (ARM)"]
[Result "1-0"]
[WhiteElo "2490"]
[BlackElo "2340"]

1.e4 e6 2.d4 d5 3.Nd2 c5 4.Ngf3 a6 5.exd5 exd5 6.dxc5 Bxc5 7.Nb3 Ba7 8.Qe2+
Qe7 9.Bd2 Bg4 10.Bc3 Bxf3 11.gxf3 f6 12.Nd4 Bxd4 13.Bxd4 Nc6 14.Bc5 Qxe2+
15.Bxe2 Nge7 16.O-O-O O-O-O 17.Rhe1 Ng6 18.Bb6 Rde8 19.Bf1 Rxe1 20.Rxe1 Nce5
21.Re3 Nf4 22.Rc3+ Kb8 23.b4 Nc6 24.b5 axb5 25.Bxb5 Rc8 26.Kb2 g5 27.a4 Ne6
28.a5 Ncd4 29.Bd7 Rxc3 30.Kxc3 Ne2+ 31.Kd2 N2f4 32.c4 dxc4 33.Kc3 Nf8 34.Bf5
N8g6 35.Bd8 Ka7 36.Be4 Nh3 37.Kxc4 Ne5+ 38.Kb5 g4 39.fxg4 Nxg4 40.Bxh7 Ng5
41.Bf5 Nxh2 42.Bxf6 Nhf3 43.Bc3 Nf7 44.Kc5 N7e5 45.Kd5 Nc6 46.Bd3 Ng5 47.Kd6
Nf7+ 48.Kc7 Nfe5 49.Bb5 Nf3 50.Bc4 Nfe5 51.Be2 Ng6 52.a6 Nge7 53.axb7 Nd5+
54.Kxc6 Nxc3 55.Bd3 Kb8 56.f4 Nd1 57.f5 Ne3 58.Be4 {#r} 1-0

[Event "Ch URS (swiss)"]
[Site "masterchessopen.com Kharkov (Ukraine)"]
[Round "0"]
[White "Shmit Anatoly (LAT)"]
[Black "Furman Semen (RUS)"]
[Result "0-1"]
[WhiteElo "2200"]
[BlackElo "2550"]

1.e4 e6 2.d4 d5 3.Nd2 c5 4.exd5 exd5 5.Ngf3 a6 6.dxc5 Bxc5 7.Nb3 Ba7 8.Bg5 Nf6
9.Qe2+ Be6 10.Be3 O-O 11.Bxa7 Rxa7 12.Qe3 Nc6 13.Be2 Bg4 14.O-O Re8 15.Qd2 Ne4
16.Qd1 Ra8 17.Nfd4 Bxe2 18.Nxe2 Qf6 19.Ned4 Ne5 20.c3 Nc4 21.Qc2 Rad8 22.Rae1
g6 23.Re2 Re7 24.Rfe1 Rde8 25.Nc1 Nc5 26.Nf3 Kf8 27.h3 Ne4 28.Rd1 Rd8 29.Nd3
Red7 30.Qc1 Kg7 31.Rde1 Rc7 32.Nf4 Nxb2 33.Rxb2 Rxc3 34.Qa1 Qxf4 35.Rxb7 Qf6
36.Qb2 Rdc8 37.Rd1 Rc2 38.Qb3 Rxf2 39.Qxd5 Nc3 40.Qe5 Qxe5 {#R} 0-1

[Event "Ch URS (team)"]
[Site "masterchessopen.com Moscow (Russia)"]
[Round "0"]
[White "Zagrebelny Sergey (UZB)"]
[Black "Ratkovic Milorad (SRB)"]
[Result "1-0"]
[WhiteElo "2490"]
[BlackElo "2198"]

1.e4 e6 2.d4 d5 3.Nd2 c5 4.exd5 exd5 5.Ngf3 a6 6.Be2 c4 7.O-O Bd6 8.b3 b5 9.c3
f6 10.a4 Bb7 11.Ba3 Bxa3 12.Rxa3 Ne7 13.Qc2 O-O 14.Rb1 Bc6 15.axb5 axb5
16.Rxa8 Bxa8 17.bxc4 bxc4 18.Nf1 Nbc6 19.Nh4 Qd6 20.Ne3 g6 21.Bf3 Rc8 22.Rb6
Rb8 23.Rxb8+ Nxb8 24.Qa2 Qc6 25.Qa5 Kf7 26.g3 f5 27.Bg2 Nd7 28.f4 Qe6 29.Kf2
Kf8 30.Nf3 h6 31.Qc7 Kf7 32.h4 Kg7 33.Ne5 Nxe5 34.dxe5 Kf7 35.Nc2 Qc6 36.Qd6
Ke8 37.Nd4 Bb7 38.Qf6 {#r} 1-0